000 00603nam a2200241Ia 4500
003 OSt
005 20221005124638.0
006 a|||||r|||| 00| 0
007 ta
008 221004b |||||||| |||| 00| 0 tam d
024 _a49213
037 _cTextual
040 _aCRL
_cCRL
_btam
041 _2tam
_atam
082 _aO31,2N37x, L0
100 _aAzhagappan Au.
_9632574
245 0 _aNataka ehelvam
260 _c1970
650 _a TAMIL LITERATURE
650 _aTAMIL DRAMA
_9192671
942 _hO31,2N37x, L0
_cTEXL
_2cc
999 _c1051124
_d1051124